000
00310nam a2200121Ia 4500
005
20251028132514.0
008
251020t2016||||xx |||||||||||||| ||spa||
041
_a
spa
100
_a
Atencio Valverde, Benito Héctor | Chayña Aguilar, Luis
245
0
_a
Manual de juicio oral
260
_c
2016
942
_C
LB
_c
LB
999
_c
3331
_d
3331